| 000 | 00844nam a2200277 a 4500 | ||
|---|---|---|---|
| 001 | 73027 | ||
| 003 | BD-RjUL | ||
| 005 | 20211209082336.0 | ||
| 008 | 170527s1964 pauab b 001 0 eng d | ||
| 035 | _a(BD-RjUL)73245 | ||
| 035 | _a(OCoLC)275831 | ||
| 040 |
_aDLC _cOTifH _dOCoLC _dDLC _dBD-RjUL _beng |
||
| 041 | _aeng | ||
| 082 |
_223 _a598.944 _bAUW 1964 |
||
| 100 | 1 |
_aAusting, G. Ronald. _9215987 |
|
| 245 | 1 | 4 |
_aThe world of the red-tailed hawk / _ctext and photographs by G. Ronald Austing. |
| 250 | _a1st ed. | ||
| 260 |
_aPhiladelphia : _bJ. B. Lippincott, _c1964 |
||
| 300 |
_a128 p. : _bill. ; _c26 cm. |
||
| 490 | 1 | _aA Living world book | |
| 504 | _aIncludes bibliographical references and index | ||
| 650 | 0 |
_aRed-tailed hawk. _9215988 |
|
| 830 | 0 |
_aLiving world books. _9215989 |
|
| 942 |
_2ddc _cBK |
||
| 999 |
_c73027 _d73027 |
||